000 00657nam a2200205 a 4500
001 BRCA_7738
005 20190320205954.0
008 060913s1958----nyub######---#000-0#eng-#
041 _aeng
044 _anyu
050 4 _aHG5162
_b.I58 1958
245 1 0 _aInvesting in Mexico
_ba summary of information concerning investments in Mexico
_cprepared by American & Foreign Power Company.
260 _aNueva York
_bAmerican & Foreign Power Company
_c1958
300 _a38 p.
_bil., mapas
_c22 cm.
500 _aU87
650 1 4 _aInversiones extranjeras
_zMéxico
_919149
710 2 _aAmerican & Foreign Power Company
_919150
902 _aGFM
942 _2lcc
_cB
999 _c7412
_d7412